| 000 | 01259cam a2200253 4500 | ||
|---|---|---|---|
| 001 | WB3928-08 | ||
| 008 | 030721n2003 000 0 eng u | ||
| 035 | _a(Sirsi) u123076 | ||
| 245 | _aNew legal duties for asbestos | ||
| 260 | _c2003 | ||
| 490 |
_aRICS Antiques and Fine Arts Faculty News _v July 2003 (1) |
||
| 520 | _aOwners and occupiers responsible for maintaining all or part of their commercial property will need to set up and maintain a register listing of all areas where asbestos is present, find out its condition, assess the risk of fibres being released and inhaled by workers, and plan how to manage the risk. The Control of Abestos at Work Regulations Reg 4 becomes law on 21 May 2004 and preparatory work needs to be in place by then. View the report "Managing asbestos" at http://www.rics.org/downloads/static/manage_asbest os.pdf (PDF 84.9KB). | ||
| 590 | _aWB | ||
| 650 | _aMANAGEMENT-HEALTH AND SAFETY-HAZARDOUS SUBSTANCES-ASBESTOS | ||
| 650 | _aCONTROL OF ASBESTOS AT WORK REGULATIONS 2002 REG 4 | ||
| 650 | _aOWNERS | ||
| 650 | _aOCCUPIERS | ||
| 650 | _aPROPERTY-COMMERCIAL PROPERTY | ||
| 650 | _aREGISTER | ||
| 650 | _aLISTING | ||
| 650 | _aRISK MANAGEMENT | ||
| 690 | _aMANAGEMENT-HEALTH AND SAFETY | ||
| 942 | _n0 | ||
| 999 |
_c73083 _d73083 |
||